00260nam a2200109Ia 4500100002800000654001500028245003600043260003300079082001800112300000800130546001200138 aMillman/J/ Halkias/C.C  aelectronic aElectronic devices and circuits bMc Graw HillaAucklandc1986 a621.381bMILL a752 aENGLISH